LDR 01129naa#a2200217#i#450# 001 RU\\bibl\120236 005 20260601084905.1 011 ## _a2500-4026 100 ## _a20231231b2023####ek#y0rusy0150####ca 101 0# _aRUS 102 ## _aRU 200 1# _aМОДЕЛЬ УПРАВЛЕНИЯ РИСКАМИ ВЗРЫВОПОЖАРООПАСНЫХ СВОЙСТВ ПОДЗЕМНЫХ ГОРНОРУДНЫХ МАТЕРИАЛОВ НА ОСНОВЕ ИХ ОЦЕНКИ С ИСПОЛЬЗОВАНИЕМ РИСК ОРИЕНТИРОВАННОГО ПОДХОДА _eЖурнальная статья 210 1# _aЖелезногорск _cФГБОУ ВО Сибирская пожарно-спасательная академия ГПС МЧС России _d2023 215 ## _a10 с. 608 ## _aЖурнальная статья _2local 675 ## _aСигнализация. Служба оповещения. Дистанционное управление. 654.9 _zRUS 700 #1 _aРодионов _gВ А 700 #1 _aКаверзнева _gТ Т 700 #1 _aВоронин _gС В 700 #1 _aСавельев _gД В 856 4# _aapbt-sibpsa.editorum.ru _u